| 000 | 00651nam a2200241Ia 4500 | ||
|---|---|---|---|
| 003 | OSt | ||
| 005 | 20221005032124.0 | ||
| 006 | a|||||r|||| 00| 0 | ||
| 007 | ta | ||
| 008 | 221004b |||||||| |||| 00| 0 mal d | ||
| 024 | _a53087 | ||
| 037 | _cTextual | ||
| 040 |
_aCRL _cCRL _bmal |
||
| 041 |
_2mal _amal |
||
| 082 | _aNS212, 32K2.1-.3 | ||
| 100 |
_aMenon K P S Au. _9191584 |
||
| 245 | 0 | _aKathakali attaprakaram | |
| 260 |
_aCheruthuruthy _bKerala kalamandalam India _c1962 |
||
| 650 |
_a DANCE _936226 |
||
| 650 | _aARTS | ||
| 942 |
_hNS212, 32K2.1-.3 _cTEXL _2cc |
||
| 999 |
_c939147 _d939147 |
||